01799nam a2200385 a 4500001001200000003000800012006001900020007001500039008004100054010001700095020001500112020001800127020002700145040002100172035002100193050002400214082002600238245011000264260007600374300002500450490005400475500019000529504005100719533015200770650003600922650003600958650003900994655002901033700001801062710001701080711006601097711006901163830005501232856012601287ebr10516743CaPaEBRm u cr cn|||||||||850201s1985 nyua sb 001 0 eng d z 85003853  z0915928949 z9780915928941 z9781600863523 (e-book) aCaPaEBRcCaPaEBR a(OCoLC)30112041314aTL1075b.T44 1985eb04a629.1 sa629.44/121900aThermal design of aeroassisted orbital transfer vehiclesh[electronic resource] /cedited by H.F. Nelson. aNew York :bAmerican Institute of Aeronautics and Astronautics,cc1985. axiii, 559 p. :bill.1 aProgress in astronautics and aeronautics ;vv. 96 a"Technical papers selected from the AIAA 22nd Aerospace Sciences Meeting, January 1984, and the AIAA 19th Thermophysics Conference, June 1984, and subsequently revised for this volume." aIncludes bibliographical references and index. aElectronic reproduction.bPalo Alto, Calif. :cebrary,d2013.nAvailable via World Wide Web.nAccess may be limited to ebrary affiliated libraries. 0aOrbital transfer (Space flight) 0aSpace vehiclesxThermodynamics. 0aSpace vehiclesxAtmospheric entry. 7aElectronic books.2local1 aNelson, H. F.2 aebrary, Inc.2 aAIAA Aerospace Sciences Meetingn(22nd :d1984 :cReno, Nev.)2 aAIAA Thermophysics Conferencen(19th :d1984 :cSnowmass, Colo.) 0aProgress in astronautics and aeronautics ;vv. 96.40uhttp://site.ebrary.com/lib/rucke/Doc?id=10516743zAn electronic book accessible through the World Wide Web; click to view